Arthavved santhita saral hindi bhavarth sahit bhag 2 (Record no. 439041)

000 -LEADER
fixed length control field 00373cam a22001097a 4500
008 - FIXED-LENGTH DATA ELEMENTS--GENERAL INFORMATION
fixed length control field 180718b1995 xxu||||| |||| 00| 0 eng d
245 ## - TITLE STATEMENT
Title Arthavved santhita saral hindi bhavarth sahit bhag 2
Statement of responsibility, etc. edited by Vedmurti taponist P. Sriran Sharma Aacharya
260 ## - PUBLICATION, DISTRIBUTION, ETC.
Place of publication, distribution, etc. Haridwar
Name of publisher, distributor, etc. Brahnverchas
Date of publication, distribution, etc. 1995
300 ## - PHYSICAL DESCRIPTION
Extent 444p.
650 ## - SUBJECT ADDED ENTRY--TOPICAL TERM
Topical term or geographic name entry element Arthavved
700 ## - ADDED ENTRY--PERSONAL NAME
Personal name Aacharya, Vedmurti taponist P.
Holdings
Withdrawn status Lost status Damaged status Not for loan Permanent Location Current Location Date acquired Barcode Date last seen Price effective from Koha item type
        Indian Institute of Public Administration Indian Institute of Public Administration 2010-04-22 71734 2018-07-21 2018-07-21 Book
        Indian Institute of Public Administration Indian Institute of Public Administration 2010-04-22 71728 2018-07-21 2018-07-21 Book

Powered by Koha